| 000 | 00000nam##2200000za#4500 |
| 001 | 9.686033 |
| 003 | CaOODSP |
| 005 | 20210624230344 |
| 007 | cr ||||||||||| |
| 008 | 150407|2001||||xxc|||||o f|0| 0 eng|d |
| 020 | |a0-662-30133-1 |
| 040 | |aCaOODSP|beng |
| 043 | |an-cn--- |
| 086 | 1 |aE2-215/2001E-IN |
| 110 | 1 |aCanada.|bForeign Affairs and International Trade. |bCanadian Centre for Foreign Policy Development. |
| 245 | 10|aReport from the North Korea Roundtable, January 22, 2001 (Sidney, BC) |h[electronic resource] |
| 260 | |aOttawa - Ontario : |bForeign Affairs and International Trade. |c[2001]. |
| 300 | |a11p. |
| 590 | |a10-06-Supp|b2010-07-26 |
| 690 | 07|aForeign policy|2gcpds |
| 690 | 07|aPolitics|2gcpds |
| 776 | 0#|tReport from the North Korea Roundtable |w(CaOODSP)9.648064 |
| 856 | 40|ahttp://publications.gc.ca|qPDF|s339 KB|uhttps://publications.gc.ca/collections/Collection/E2-215-2001E.pdf |
| 986 | |a5004.2E |